000 00592nam a2200217 a 4500
001 0001-2111
003 ELIB.Books
008 190723 2010 eng
020 _a0802843700
092 _a251
_bAch
100 _aAchtemeier, Elizabeth.
245 _aPreaching from the Minor Prophets
260 _aGrand Rapids, Michigan
_bWilliam B. Eerdmans Publishing Company
_c1998
300 _a143
_c23cm
650 _aPreaching
856 _nKBTS Library
_uKBTS Elib
942 _2ddc
_cBK
990 _a1
998 _aEnglishbooks.elf
_ccat
_e2019-07-23
999 _c12111
_d12111